| 000 | 00878nam a2200265Ia 4500 | ||
|---|---|---|---|
| 003 | GCL | ||
| 008 | 140319s9999 xx 000 0 ara d | ||
| 020 | _a017290977 | ||
| 040 |
_aGCL / _cGCL |
||
| 082 | 0 | 4 |
_a157 _bى م |
| 100 | 1 | _aيوسف ميخائيل اسعد | |
| 245 | 1 | 0 |
_aالمشكلات النفسية حقيقتها وطرق علاجها / _cيوسف ميخائيل اسعد |
| 260 |
_aالقاهرة : _bدار نهضة مصر للطبع والنشر ، _c1988 |
||
| 300 |
_a300 ص ؛ _c24 سم |
||
| 650 | 0 | 4 | _aالانفعالات النفسية |
| 650 | 0 | 4 | _aالتشاؤم |
| 650 | 0 | 4 | _aالاكتئاب النفسى |
| 650 | 0 | 4 | _aالعدوانية |
| 650 | 0 | 4 | _aالخجل |
| 650 | 0 | 4 | _aالحياء |
| 650 | 0 | 4 | _aالمشكلات النفسية |
| 650 | 0 | 4 | _aالخوف والقلق |
| 650 | 0 | 4 | _aالغيرة والحقد |
| 942 |
_2ddc _cBK |
||
| 999 |
_c42051 _d42051 |
||